[Event "ZGOUGOU"]
[Site "www.echecsemail.com"]
[Date "2026.01.25"]
[Round "1"]
[White "Intrigue"]
[Black "4x4"]
[WhiteElo "1760"]
[BlackElo "1480"]
[Result "1-0"]
1.e4 e5
2.Ng1f3 Nb8c6
3.Nb1c3 Ng8f6
4.Bf1c4 Bf8d6
5.O-O Bd6b4
6.a3 Bb4xc3
7.dxc3 d6
8.Rf1e1 Bc8e6
9.Bc4xe6 fxe6
10.b4 Qd8d7
11.h3 O-O-O
12.b5 Nc6b8
13.c4 c5
14.a4 b6
15.a5 Qd7b7
16.axb6 axb6
17.Bc1g5 h5
18.Qd1d3 Kc7
19.Bg5xf6 gxf6
20.Qd3a3 f5
21.exf5 exf5
22.Qa3a7 e4
23.Nf3h4 Rh8f8
24.Nh4g6 Rf8g8
25.Qa7xb7 Kxb7
26.Ng6e7 Rg8f8
27.Ra1a3 Rd8e8
28.Ne7g6 Rf8g8
29.Ng6f4 Nb8d7
30.Re1a1 Re8b8
31.Nf4d5 Nd7e5
32.Ra3a7 Kc8
33.Nd5e7 Kd8
34.Ne7xg8 Ne5d7
35.Ra7a8 Kc7
36.Ra8xb8 Nd7xb8
37.Ng8f6 Kd8
38.Nf6xh5 Nb8d7
39.Nh5f4 Nd7e5
40.Ra1d1 Kc7
41.Nf4e6 Kd7
42.Ne6f4 Ne5xc4
43.h4 Nc4a3
44.Nf4d5 Na3xc2
45.Nd5xb6 Kc7
46.Nb6d5 Kd7
47.h5 Nc2d4
48.Rd1xd4 cxd4
49.b6 Kc6
50.h6 d3
51.Nd5e3 d5
52.h7 f4
53.Ne3d1 d4
54.h8Q e3
55.fxe3 dxe3
56.Qh8c3 Kxb6
57.Qc3xd3 Kc5
58.Qd3f5 Kd4
59.Qf5xf4 Kd3
60.Qf4xe3 Kc2
61.Kf1 Kxd1
62.Qe3e2 Kc1
63.Ke1 Kb1
64.Qe2d2 Ka1
65.Kd1 Kb1
66.g4 Ka1
67.Qd2b4 Ka2
68.g5 Ka1
69.g6 Ka2
70.g7 Ka1
71.g8R Ka2
72.Rg8a8 1-0

[Event "Tournoi n27360"]
[Site "www.echecsemail.com"]
[Date "2026.01.25"]
[Round "1"]
[White "Tartu"]
[Black "Gimick"]
[WhiteElo "1730"]
[BlackElo "1540"]
[Result "1-0"]
1.d4 d5
2.c4 Ng8f6
3.Nb1c3 dxc4
4.Qd1a4 Bc8d7
5.Qa4xc4 h6
6.Ng1f3 Nb8c6
7.Bc1f4 Bd7g4
8.e3 e6
9.Bf1e2 Bf8b4
10.O-O O-O
11.Nf3e5 Bg4xe2
12.Qc4xe2 a6
13.a3 Bb4d6
14.Ne5xc6 bxc6
15.Qe2f3 Qd8d7
16.Nc3e4 Nf6d5
17.Bf4xd6 cxd6
18.Ra1c1 Nd5b6
19.b4 Ra8c8
20.Qf3g3 Qd7e7
21.Qg3xd6 Qe7h4
22.Ne4c5 Rf8d8
23.Qd6g3 Qh4e7
24.h3 Nb6d5
25.Rf1d1 Nd5c7
26.a4 Rd8d5
27.e4 Rd5g5
28.Qg3f3 Rc8f8
29.Qf3e2 e5
30.dxe5 Qe7xe5
31.Nc5d7 Qe5e6
32.Nd7xf8 Kxf8
33.Kh1 Kg8
34.Rd1d8 Kh7
35.Qe2d3 Qe6a2
36.e5 g6
37.Qd3d6 Qa2xf2
38.Rc1g1 Nc7e6
39.Rd8d7 Kg7
40.Qd6xe6 { abandon }1-0

[Event "Eq:Les Gens du Sud-O fou d hello :"]
[Site "www.echecsemail.com"]
[Date "2026.01.25"]
[Round "1"]
[White "Ragg"]
[Black "Emmanuel69"]
[WhiteElo "1580"]
[BlackElo "1780"]
[Result "0-1"]
1.d4 d5
2.Nb1c3 a6
3.e4 c6
4.f4 e6
5.e5 g6
6.Ng1f3 Ng8e7
7.Bf1d3 Bf8g7
8.Nf3g5 h6
9.Ng5f3 O-O
10.Bc1e3 Nb8d7
11.Qd1d2 Kh7
12.Nf3h4 Ne7f5
13.Nh4xf5 exf5
14.h3 Rf8e8
15.O-O-O Nd7f8
16.Rd1g1 Nf8e6
17.g4 fxg4
18.hxg4 Re8h8
19.g5 h5
20.Bd3e2 Kg8
21.Qd2d1 Ne6f8
22.Rg1g2 Bc8f5
23.Rg2h2 Qd8e7
24.Be2xh5 gxh5
25.Rh2xh5 Rh8xh5
26.Rh1xh5 Bf5g6
27.Rh5h4 Bg6f5
28.Be3f2 Nf8g6
29.Rh4h2 Ng6xf4
30.Qd1f3 Nf4e6
31.Qf3xf5 Qe7xg5
32.Qf5xg5 Ne6xg5
33.b3 Ng5e6
34.Nc3e2 Kf8
35.Ne2g3 Ke8
36.Ng3f5 Bg7f8
37.c4 dxc4
38.bxc4 Ne6g7
39.Nf5e3 Ra8d8
40.d5 cxd5
41.cxd5 Kd7
42.Bf2h4 Rd8c8
43.Kb2 Bf8e7
44.Bh4xe7 Kxe7
45.Rh2h7 Rc8g8
46.Rh7h1 Kd7
47.Ne3g4 Ke7
48.d6 Ke6
49.Ng4f6 Rg8d8
50.Rh1d1 Kxe5
51.Nf6g4 Ke6
52.Ng4e3 Rd8xd6
53.Rd1xd6 Kxd6
54.Ne3c4 Kc5
55.Kb3 f5
56.Nc4d2 b5
57.a3 a5
58.a4 Ng7e6
59.axb5 Kxb5
60.Nd2f3 a4
61.Ka3 f4
62.Nf3d2 Ne6d4
63.Nd2f1 f3
64.Nf1e3 f2
65.Kb2 Kb4
66.Ka2 a3
67.Ne3f1 Nd4c2
68.Nf1g3 Nc2e3
69.Kb1 Kb3
70.Ka1 a2
71.Ng3f1 Ne3c2
0-1

[Event "Défi( 10J+24H/c 10J Max )"]
[Site "www.echecsemail.com"]
[Date "2026.01.25"]
[Round "1"]
[White "Minon"]
[Black "Artabam"]
[WhiteElo "1940"]
[BlackElo "1000"]
[Result "1-0"]
1.e4 e5
2.Ng1f3 f6
3.Nb1c3 Nb8c6
4.Bf1c4 Ng8e7
5.d4 exd4
6.Nc3d5 Ne7g6
7.Nf3xd4 Nc6e5
8.Qd1e2 Kf7
9.Nd5xc7 d5
10.Bc4xd5 Ke7
11.Nc7xa8 Qd8b6
12.Na8xb6 axb6
13.Nd4f5 Kd7
14.Qe2b5 Kc7
15.Bc1e3 Bc8d7
16.Qb5xb6 Kb8
17.Qb6xb7 1-0

[Event "Défi( 10J+24H/c 10J Max )"]
[Site "www.echecsemail.com"]
[Date "2026.01.25"]
[Round "1"]
[White "Wenoketo"]
[Black "Tunnellavage"]
[WhiteElo "1710"]
[BlackElo "1720"]
[Result "1-0"]
1.d4 Ng8f6
2.Ng1f3 d5
3.Bc1f4 Bc8f5
4.h3 e6
5.e3 h6
6.Nb1d2 a6
7.Bf1e2 Nb8c6
8.O-O Bf8d6
9.Bf4xd6 cxd6
10.c4 O-O
11.cxd5 exd5
12.Ra1c1 Qd8e7
13.a3 Ra8c8
14.Qd1b3 Rc8c7
15.Rc1c3 Rf8c8
16.Rf1c1 Nf6e4
17.Nd2xe4 Bf5xe4
18.Qb3d1 Rc8e8
19.Nf3d2 Re8c8
20.Nd2xe4 Qe7xe4
21.Be2f3 Qe4e6
22.Bf3g4 f5
23.Bg4f3 Qe6f7
24.b4 Kh7
25.Qd1b3 { abandon }1-0

[Event "Défi"]
[Site "www.echecsemail.com"]
[Date "2026.01.25"]
[Round "1"]
[White "Kerenor"]
[Black "Lecevenol"]
[WhiteElo "1590"]
[BlackElo "1260"]
[Result "1-0"]
1.d4 Ng8f6
2.Ng1f3 h6
3.Nb1c3 c6
4.e4 g5
5.h3 Bf8g7
6.e5 Nf6d5
7.Nc3e4 f5
8.Ne4g3 O-O
9.Bf1d3 e6
10.Nf3d2 Nb8a6
11.Ng3e2 b5
12.Nd2b3 Bc8b7
13.Ne2g3 Rf8f7
14.Bd3e2 Na6b4
15.Bc1d2 Nb4a6
16.Ng3h5 Bg7h8
17.Bd2a5 Qd8c8
18.Be2f3 Na6c7
19.Qd1d3 Nc7a6
20.O-O-O Kh7
21.Bf3xd5 exd5
22.g4 Qc8f8
23.Nh5g3 Kg8
24.Ng3h5 Bh8g7
25.Nh5g3 fxg4
26.hxg4 Rf7xf2
27.Ng3h5 Rf2g2
28.Rd1f1 Qf8e7
29.Qd3f3 Ra8f8
30.Qf3xg2 Rf8e8
31.Rf1e1 Qe7f7
32.Rh1f1 Qf7e6
33.a3 Re8e7
34.Nb3c5 Na6xc5
35.dxc5 Bg7xe5
36.Qg2f3 Re7e8
37.Nh5f6 Kf7
38.Nf6xd5 Kg8
39.Nd5c7 Qe6e7
40.Ba5c3 Re8c8
41.Bc3xe5 Qe7xc5
42.Qf3f6 Qc5f8
43.Qf6h8 1-0

[Event "Défi( 10J+24H/c 10J Max )"]
[Site "www.echecsemail.com"]
[Date "2026.01.25"]
[Round "1"]
[White "Lectrice"]
[Black "4x4"]
[WhiteElo "1420"]
[BlackElo "1490"]
[Result "0-1"]
1.e4 e5
2.Ng1f3 d6
3.h3 Nb8c6
4.c3 Ng8f6
5.d3 Bc8d7
6.Bf1e2 Nc6a5
7.b3 b6
8.b4 Na5b7
9.c4 a5
10.b5 g6
11.Nf3g5 Bf8g7
12.g4 Qd8e7
13.Bc1a3 O-O-O
14.Nb1c3 h6
15.Nc3d5 Qe7f8
16.Ng5f3 g5
17.Nf3d2 Nb7c5
18.O-O Nf6xd5
19.exd5 f5
20.f3 f4
21.Rf1f2 h5
22.Nd2e4 Nc5xe4
23.dxe4 hxg4
24.fxg4 Rh8xh3
25.Qd1f1 Rh3xa3
26.Be2f3 Qf8h8
27.Rf2h2 Qh8g8
28.Qf1h3 Ra3c3
29.Qh3f1 Qg8f7
30.a4 Rd8h8
31.Rh2h5 Rh8xh5
32.Qf1g2 Rh5h4
33.Bf3e2 Rc3g3
{ abandon }0-1

[Event "Coupe Niveau 10"]
[Site "www.echecsemail.com"]
[Date "2026.01.25"]
[Round "1"]
[White "Eldiablo90"]
[Black "64uiop"]
[WhiteElo "2890"]
[BlackElo "2620"]
[Result "1/2-1/2"]
1.Ng1f3 Ng8f6
2.c4 c5
3.Nb1c3 d5
4.cxd5 Nf6xd5
5.e4 Nd5b4
6.Bf1c4 Nb4d3
7.Ke2 Nd3f4
8.Kf1 Nf4e6
9.h4 Ne6d4
10.Nc3b5 Nd4xb5
11.Bc4xb5 Bc8d7
12.Bb5c4 Nb8c6
13.b3 h5
14.Bc1b2 Qd8c7
15.Nf3g5 f6
16.Ng5f7 Rh8h7
17.e5 Qc7c8
18.Qd1e2 Bd7e6
19.Bc4d3 Kxf7
20.Bd3xh7 g6
21.Ra1e1 Be6f5
22.exf6 Qc8d7
23.Rh1h3 Bf5xh3
24.Qe2c4 e6
25.gxh3 Qd7d5
26.Ke2 Qd5xc4
27.bxc4 Nc6d4
28.Bb2xd4 cxd4
29.Re1g1 Ra8c8
30.Bh7xg6 Kxf6
31.Bg6xh5 Rc8xc4
32.Rg1g6 Kf7
33.Rg6h6 Kg7
34.Rh6xe6 Rc4c2
35.Re6g6 Kh7
36.Rg6f6 Bf8h6
37.Rf6f7 Kh8
38.f4 Rc2xa2
39.Bh5g6 Kg8
40.Rf7xb7 Ra2a3
41.d3 Bh6xf4
42.Kf3 Bf4e3
43.h5 Ra3a1
44.Ke4 Ra1a6
45.Bg6f7 Kh8
46.Kf5 Ra6a5
47.Kf6 Ra5a6
48.Bf7e6 Be3d2
49.Rb7d7 Bd2e1
50.Ke5 Ra6a5
51.Kf6 Ra5a6
52.Kf5 Be1d2
53.Rd7e7 Bd2b4
54.Re7b7 Bb4d2
55.Be6c4 Ra6h6
56.Bc4f7 Rh6a6
57.Rb7e7 Bd2b4
58.Re7d7 Bb4d2
59.Bf7g6 Ra6a1
60.Ke5 Bd2e3
61.Bg6f5 Ra1a6
62.Bf5e6 Be3c1
63.Kf5 Bc1d2
64.h4 Bd2c3
65.Be6f7 Ra6a5
66.Bf7d5 Ra5a6
67.Bd5e6 Ra6b6
68.Rd7e7 Bc3b4
69.Re7xa7 Bb4e1
70.Be6f7 Be1f2
71.Bf7g6 Rb6b5
72.Ke6 Bf2xh4
73.Ra7d7 Kg8
74.Rd7xd4 Bh4e1
75.Rd4d7 Rb5b6
76.Kf5 Rb6b5
77.Kg4 Rb5b4
78.Bg6e4 Rb4b6
79.d4 Be1b4
80.d5 Rb6d6
81.Rd7c7 Bb4a5
82.Rc7c2 Rd6f6
83.Kg5 Kg7
84.Be4f5 Ba5d8
85.Kf4 Kh6
86.Rc2c8 Bd8a5
87.Ke5 Rf6b6
88.Bf5g6 Rb6b8
89.Rc8c1 Ba5b4
90.Rc1c6 Rb8f8
91.Rc6b6 Bb4c3
92.Ke4 Bc3a5
93.Rb6e6 Rf8f1
94.Re6a6 Ba5b4
95.Bg6e8 Kg5
96.Ra6g6 Kh4
97.Rg6b6 Bb4a3
98.Rb6a6 Ba3c5
99.Kd3 Rf1f8
100.Be8g6 Kg5
101.Kc4 Bc5e7
102.d6 Rf8c8
103.Kb5 Rc8b8
104.Kc6 Be7d8
105.Kd5 Rb8b5
106.Ke6 Rb5b6
107.Ra6a3 Bd8c7
108.Ra3d3 Rb6xd6
109.Rd3xd6 Bc7xd6
110.Kxd6 Kf6
111.Kd7 Kg7
112.Ke7 Kh8
113.Kf6 Kg8
114.h6 Kh8
115.Bg6f5 Kg8
116.Kg6 Kh8
117.Bf5e4 Kg8
118.Be4d3 Kh8
119.Bd3b5 Kg8
120.Bb5e8 Kh8
121.Be8f7 1/2-1/2

[Event "Coupe Niveau 2"]
[Site "www.echecsemail.com"]
[Date "2026.01.25"]
[Round "1"]
[White "Domenico"]
[Black "Bertelsen"]
[WhiteElo "1790"]
[BlackElo "1690"]
[Result "1-0"]
1.e4 e5
2.Bf1c4 Nb8c6
3.Ng1f3 h6
4.O-O Ng8f6
5.Nb1c3 Bf8e7
6.d3 O-O
7.Bc1e3 a6
8.a4 d6
9.Nc3d5 Nf6xd5
10.Bc4xd5 Qd8d7
11.d4 Be7d8
12.dxe5 Nc6xe5
13.Be3d4 Ne5xf3
14.Qd1xf3 Qd7g4
15.Qf3b3 c6
16.f3 Qg4g6
17.Bd5c4 Bc8h3
18.Rf1f2 Bd8h4
19.Rf2e2 Bh3d7
20.f4 b5
21.axb5 axb5
22.Ra1xa8 Rf8xa8
23.Bc4xf7 Qg6xf7
24.Qb3xf7 Kxf7
25.b3 c5
26.Bd4b2 Bh4f6
27.e5 Bf6e7
28.h3 d5
29.g4 b4
30.f5 d4
31.e6 Ke8
32.exd7 Kxd7
33.Kg2 Ra8a2
34.Bb2c1 Ra2a1
35.Bc1f4 Ra1d1
36.Kf2 Rd1h1
37.Kg2 Rh1d1
38.Kf2 d3
39.cxd3 Rd1xd3
40.Re2d2 Rd3xd2
41.Bf4xd2 Kd6
42.Ke3 Be7f6
43.Ke4 Bf6e5
44.Bd2c1 Be5d4
45.h4 Ke7
46.g5 hxg5
47.hxg5 Kf7
48.Kd5 Ke7
49.Bc1f4 Kf7
50.Bf4d6 Bd4e3
51.Bd6xc5 Be3xg5
52.Bc5xb4 Kf6
53.Ke4 Kf7
54.Bb4c3 Bg5f6
55.Bc3xf6 Kxf6
56.b4 Ke7
57.Ke5 Kd7
58.b5 Kc7
59.Ke6 Kb6
60.Kf7 g5
61.fxg6 Kxb5
62.g7 { abandon }1-0

[Event "Défi( 10J+24H/c 10J Max )"]
[Site "www.echecsemail.com"]
[Date "2026.01.25"]
[Round "1"]
[White "Sam"]
[Black "Sylvia13"]
[WhiteElo "1670"]
[BlackElo "1590"]
[Result "1-0"]
1.e4 e5
2.Ng1f3 Nb8c6
3.d4 Ng8f6
4.Nb1c3 Bf8b4
5.Nf3xe5 Nf6xe4
6.Ne5xc6 bxc6
7.Qd1f3 d5
8.Bc1f4 O-O
9.a3 Bb4xc3
10.bxc3 Rf8e8
11.Bf1e2 Bc8f5
12.O-O a6
13.c4 Bf5g6
14.cxd5 cxd5
15.Be2d3 Qd8d7
16.Bf4e5 Qd7e6
17.Be5xc7 Ne4d2
18.Qf3f4 Nd2xf1
19.Ra1xf1 Bg6xd3
20.cxd3 Qe6e1
21.Bc7e5 Qe1c3
22.Qf4g3 f6
23.Be5xf6 g6
24.Qg3h4 Qc3xa3
25.Qh4h6 Ra8a7
26.Qh6g5 Qa3xd3
27.Qg5xd5 Kf8
28.Qd5c5 Ra7e7
29.Rf1e1 Kf7
30.Re1xe7 Re8xe7
31.Qc5xe7 Kg8
32.Qe7e8 1-0

[Event "Tournoi échelle division 1"]
[Site "www.echecsemail.com"]
[Date "2026.01.25"]
[Round "1"]
[White "Pgo"]
[Black "Nbelnico"]
[WhiteElo "1740"]
[BlackElo "1690"]
[Result "1-0"]
1.e4 e5
2.Bf1c4 h6
3.Ng1f3 d6
4.h3 Ng8f6
5.d3 a5
6.O-O c6
7.Nb1c3 b5
8.Nc3xb5 cxb5
9.Bc4xb5 Bc8d7
10.Bb5xd7 Nb8xd7
11.a4 Bf8e7
12.b3 O-O
13.Bc1b2 Qd8c7
14.c4 Nf6h5
15.Nf3xe5 dxe5
16.Qd1xh5 f6
17.d4 exd4
18.Bb2xd4 Qc7b7
19.Qh5f3 Nd7e5
20.Qf3e2 Qb7xb3
21.Bd4xe5 Qb3b7
22.Be5h2 Be7c5
23.Rf1b1 Qb7e7
24.Kh1 Ra8d8
25.f3 Rd8d4
26.Rb1b5 Bc5a7
27.Rb5xa5 Ba7b6
28.Ra5b5 Qe7e6
29.c5 Bb6c7
30.Bh2xc7 Rd4c4
31.Rb5b6 Qe6f7
32.Bc7d6 Rf8e8
33.a5 f5
34.e5 Qf7d5
35.Ra1d1 Qd5f7
36.a6 Rc4a4
37.Rb6b7 Qf7e6
38.f4 Ra4a2
39.Rd1d2 Ra2a4
40.a7 Kh7
41.g3 Ra4a1
42.Kh2 Re8a8
43.Bd6b8 Qe6c6
44.Qe2g2 Qc6xc5
45.Rd2d7 { abandon }1-0

[Event "Coupe Niveau 2"]
[Site "www.echecsemail.com"]
[Date "2026.01.25"]
[Round "1"]
[White "Legros"]
[Black "Tartu"]
[WhiteElo "1730"]
[BlackElo "1730"]
[Result "1-0"]
1.e4 e6
2.Ng1f3 d5
3.exd5 exd5
4.d4 Nb8c6
5.Bf1b5 Bc8d7
6.Nb1c3 Ng8f6
7.O-O Bf8e7
8.Rf1e1 O-O
9.Bc1f4 Be7b4
10.Bb5xc6 Bd7xc6
11.Qd1d3 Rf8e8
12.Re1xe8 Nf6xe8
13.Nf3e5 Ne8f6
14.f3 h6
15.Ne5xc6 bxc6
16.Ra1e1 Qd8d7
17.a3 Bb4d6
18.Bf4xd6 cxd6
19.Re1e3 Ra8e8
20.Kf2 Re8xe3
21.Qd3xe3 Kf8
22.Nc3e2 g5
23.g4 Qd7e7
24.Ne2g3 Qe7e6
25.Ng3f5 Nf6g8
26.Qe3xe6 fxe6
27.Nf5xd6 Ng8e7
28.Nd6b7 Kf7
29.Ke3 Kf6
30.h3 e5
31.c3 exd4
32.Kxd4 Ke6
33.Nb7a5 Kd6
34.Na5b3 Ne7g6
35.c4 Ng6f4
36.c5 Ke6
37.Nb3d2 Nf4e2
38.Ke3 Ne2g3
39.f4 gxf4
40.Kxf4 Ng3e2
41.Kf3 Ne2d4
42.Ke3 Nd4c2
43.Kf4 Nc2d4
44.h4 Nd4e2
45.Ke3 Ne2c1
46.b4 Ke5
47.Nd2f3 Ke6
48.Nf3d4 Kd7
49.Kf4 Nc1d3
50.Kf5 Nd3f2
51.g5 hxg5
52.hxg5 Nf2e4
53.g6 Ne4g3
54.Kf6 Ng3h5
55.Kg5 Nh5g7
56.Kh6 Ng7e8
57.g7 Ne8f6
58.Kg6 Nf6g8
59.Kf7 Ng8h6
60.Kf8 Kc7
61.g8Q Nh6xg8
62.Kxg8 a6
63.Kg7 Kd7
64.Kf7 Kc7
65.Ke7 Kb7
66.Kd7 { abandon }1-0

[Event "Tournoi n27412"]
[Site "www.echecsemail.com"]
[Date "2026.01.25"]
[Round "1"]
[White "Patau"]
[Black "Tiounet"]
[WhiteElo "1700"]
[BlackElo "1570"]
[Result "1-0"]
1.e4 a6
2.d4 b5
3.c4 bxc4
4.Bf1xc4 e6
5.d5 Ng8f6
6.e5 Nf6xd5
7.Bc4xd5 exd5
8.Qd1xd5 Nb8c6
9.Ng1f3 Bc8b7
10.O-O Qd8c8
11.Nb1c3 Nc6b4
12.Qd5d2 g6
13.a3 Nb4c6
14.Qd2e2 Bf8g7
15.Bc1g5 O-O
16.Bg5f6 Rf8e8
17.Bf6xg7 Kxg7
18.Rf1e1 d6
19.Ra1d1 dxe5
20.Nc3e4 Nc6d4
21.Nf3xd4 exd4
22.f3 f5
23.Qe2c4 fxe4
24.fxe4 Re8xe4
25.Re1xe4 Bb7xe4
26.Qc4xd4 Kh6
27.Qd4xe4 c5
28.Qe4f4 Kg7
29.Qf4d6 c4
30.Qd6d4 Kh6
31.Rd1c1 Qc8e8
32.Qd4xc4 Qe8e3
33.Kh1 Ra8e8
34.Qc4h4 Kg7
35.Rc1c7 Kf8
36.Qh4f6 { abandon }1-0

[Event "Tournoi échelle"]
[Site "www.echecsemail.com"]
[Date "2026.01.25"]
[Round "1"]
[White "Hachevitch"]
[Black "Eldiablo90"]
[WhiteElo "2600"]
[BlackElo "2790"]
[Result "1/2-1/2"]
1.Ng1f3 d5
2.g3 Ng8f6
3.Bf1g2 c5
4.O-O e6
5.d3 Bf8e7
6.Bc1f4 O-O
7.e4 dxe4
8.dxe4 Nf6xe4
9.Qd1e2 Ne4f6
10.Rf1d1 Qd8b6
11.Nb1a3 Bc8d7
12.Na3c4 Qb6a6
13.Nf3e5 Bd7c6
14.Bg2f1 Bc6d5
15.a4 Rf8d8
16.b3 Nb8c6
17.Ne5xc6 Qa6xc6
18.Nc4e5 Qc6e8
19.c4 Bd5e4
20.g4 h6
21.h4 Be4c6
22.g5 Nf6h7
23.g6 fxg6
24.Ne5xc6 Qe8xc6
25.Bf1g2 Qc6a6
26.Qe2e5 Ra8c8
27.Rd1xd8 Be7xd8
28.Ra1d1 Nh7f8
29.Rd1d6 Qa6a5
30.Rd6xe6 Kh7
31.Re6d6 Bd8c7
32.Bf4xh6 Kxh6
33.Rd6xg6 Nf8xg6
34.Qe5g5 Kh7
35.Qg5h5 Kg8
36.Bg2d5 Kf8
37.Qh5f5 Ke7
38.Qf5e6 Kd8
39.Qe6g8 Kd7
40.Qg8e6 Kd8
41.Qe6g8 Kd7
42.Qg8e6 { nul }1/2-1/2

[Event "Tournoi n27385"]
[Site "www.echecsemail.com"]
[Date "2026.01.25"]
[Round "1"]
[White "Katastrofic"]
[Black "Jlr"]
[WhiteElo "1390"]
[BlackElo "1360"]
[Result "0-1"]
1.e4 e5
2.Bf1c4 Bf8c5
3.a3 d6
4.h3 Qd8f6
5.Ng1f3 Ng8e7
6.d3 Nb8c6
7.Bc1g5 Qf6g6
8.O-O f6
9.Bg5d2 a6
10.b4 Bc5a7
11.Kh2 b5
12.Bc4a2 f5
13.Nf3g5 d5
14.exd5 Nc6d4
15.c3 Bc8b7
16.Rf1e1 h6
17.Ng5f7 Kxf7
18.cxd4 Ba7xd4
19.Bd2c3 Bd4xc3
20.Nb1xc3 Qg6d6
21.Qd1f3 g6
22.Re1e2 e4
23.Qf3g3 f4
24.Qg3h4 f3
25.Qh4g3 Qd6xg3
26.Kxg3 fxe2
27.d6 Ne7d5
28.Nc3xd5 Ra8c8
29.Nd5b6 Kg7
30.Nb6xc8 Bb7xc8
31.dxc7 exd3
32.Kf3 Rh8e8
{ abandon }0-1

[Event "Tournoi n27182"]
[Site "www.echecsemail.com"]
[Date "2026.01.25"]
[Round "1"]
[White "Lbd26"]
[Black "Rvsinovitch"]
[WhiteElo "1920"]
[BlackElo "2030"]
[Result "0-1"]
1.e4 c6
2.d4 d5
3.Nb1c3 dxe4
4.Nc3xe4 Bc8f5
5.Ne4g3 Bf5g6
6.h4 h6
7.h5 Bg6h7
8.Bf1c4 e6
9.Ng1e2 Nb8d7
10.Ne2f4 Nd7b6
11.Bc4b3 Qd8d6
12.Bc1e3 Ng8f6
13.c4 Qd6c7
14.Nf4d3 Bf8e7
15.Nd3e5 O-O
16.a4 Nb6d7
17.Ne5xd7 Qc7xd7
18.a5 Ra8d8
19.Qd1f3 Be7b4
20.Ke2 Qd7c7
21.a6 bxa6
22.Ra1xa6 Rd8c8
23.Rh1a1 Rc8a8
24.Ra6xc6 Qc7d7
25.Kf1 Bb4d6
26.Ng3e2 Bh7e4
27.Rc6xd6 Qd7xd6
28.Qf3h3 Be4f5
29.Qh3h4 Nf6g4
30.Be3f4 Qd6b4
31.Ra1a3 a5
32.Bf4c1 a4
33.Bb3d1 Qb4xc4
34.Kg1 Ng4f6
35.Bc1xh6 Nf6e4
36.Bh6e3 Ra8b8
37.f3 Ne4f6
38.g4 Bf5d3
39.Ra3c3 Qc4b5
40.Kf2 Bd3xe2
41.Bd1xe2 Qb5xb2
42.Rc3c1 a3
43.h6 Rf8d8
44.Qh4g5 Kf8
45.Qg5xg7 Ke7
46.g5 Nf6d5
47.g6 Nd5xe3
48.Qg7xf7 Kd6
49.Qf7f4 Ke7
50.Rc1c7 Rd8d7
51.Rc7xd7 Kxd7
52.Qf4xe3 a2
53.Kg3 a1Q
54.h7 Qb2xd4
55.Qe3xd4 Qa1xd4
56.Kg2 Qd4g7
57.Be2d3 Rb8h8
58.Kh3 Ke7
59.Kg4 Rh8xh7
60.f4 Rh7h1
61.Kg3 Rh1g1
62.Kf3 Rg1xg6
63.Bd3xg6 Qg7xg6
64.Ke3 Kf6
65.Kf3 Kf5
{ abandon }0-1

[Event "CARPE DIEM"]
[Site "www.echecsemail.com"]
[Date "2026.01.25"]
[Round "1"]
[White "Malaouat"]
[Black "Qsdmlk"]
[WhiteElo "1410"]
[BlackElo "1560"]
[Result "0-1"]
1.e4 c5
2.Ng1f3 d6
3.d4 cxd4
4.Nf3xd4 Ng8f6
5.Nb1c3 a6
6.Bf1d3 e5
7.Nd4f5 d5
8.Bc1g5 Bf8b4
9.Bg5d2 dxe4
10.Bd3c4 Bc8xf5
11.a3 Bb4c5
12.h3 Qd8b6
13.Nc3a4 Qb6c6
14.b3 b5
15.Na4xc5 Qc6xc5
{ abandon }0-1

[Event "Tournoi n27373"]
[Site "www.echecsemail.com"]
[Date "2026.01.25"]
[Round "1"]
[White "Tizi"]
[Black "Ephixe"]
[WhiteElo "1730"]
[BlackElo "1800"]
[Result "0-1"]
1.e4 e5
2.Qd1h5 Nb8c6
3.Ng1f3 g6
4.Qh5g5 Bf8e7
5.Qg5g3 d6
6.Bf1b5 Bc8d7
7.Nb1c3 a6
8.Bb5xc6 Bd7xc6
9.Nc3d5 Ng8f6
10.d3 Nf6h5
11.Qg3g4 Bc6d7
12.Nd5xe7 Bd7xg4
13.Ne7d5 Bg4xf3
14.gxf3 c6
15.Nd5e3 Nh5g7
16.c4 Qd8f6
17.Ke2 O-O
18.h4 b5
19.cxb5 axb5
20.Ne3g4 Qf6e6
21.Ng4h6 Kh8
22.Nh6g4 f5
23.Ng4h6 fxe4
24.dxe4 d5
25.exd5 Qe6xd5
26.b3 Qd5xf3
27.Kd2 Ra8d8
28.Kc2 Qf3xh1
29.Bc1b2 Rf8xf2
30.Kc3 Qh1e4
31.Nh6f7 Rf2xf7
32.Bb2c1 Qe4d4
33.Kc2 Rf7f2
34.Kb1 Qd4d3
0-1

[Event "Eq:les modestes-modesty :"]
[Site "www.echecsemail.com"]
[Date "2026.01.25"]
[Round "1"]
[White "Letyjo"]
[Black "Escargot08"]
[WhiteElo "2760"]
[BlackElo "2830"]
[Result "1/2-1/2"]
1.e4 e5
2.Ng1f3 Nb8c6
3.Bf1c4 Ng8f6
4.Nf3g5 d5
5.exd5 Nc6a5
6.Bc4b5 c6
7.dxc6 bxc6
8.Bb5d3 Nf6d5
9.Ng5f3 Bf8d6
10.Nb1c3 Nd5f4
11.O-O Nf4xd3
12.cxd3 O-O
13.Rf1e1 f6
14.d4 exd4
15.Nf3xd4 Bd6xh2
16.Kxh2 Qd8xd4
17.Kg1 Bc8g4
{ nul }1/2-1/2

[Event "CARPE DIEM"]
[Site "www.echecsemail.com"]
[Date "2026.01.25"]
[Round "1"]
[White "Malaouat"]
[Black "4x4"]
[WhiteElo "1410"]
[BlackElo "1470"]
[Result "0-1"]
1.e4 c5
2.Ng1f3 d6
3.d4 cxd4
4.Nf3xd4 Ng8f6
5.Nb1c3 a6
6.h3 b5
7.Nc3d5 Nf6xd5
8.exd5 Bc8b7
9.c4 e5
10.Nd4b3 b4
11.Bf1d3 a5
12.a4 Nb8d7
13.O-O g6
14.Qd1g4 Bb7c8
15.Qg4e4 Nd7c5
16.Qe4e3 f5
17.Qe3g5 Bf8e7
18.Qg5d2 Nc5xb3
19.Qd2h6 Nb3xa1
{ abandon }0-1

[Event "Tournoi n27373"]
[Site "www.echecsemail.com"]
[Date "2026.01.25"]
[Round "1"]
[White "Gonzok67"]
[Black "Ohtani"]
[WhiteElo "1890"]
[BlackElo "1649"]
[Result "0-1"]
1.e4 c5
2.Ng1f3 Nb8c6
3.g3 g6
4.Bf1g2 Bf8g7
5.c3 e5
6.O-O Ng8e7
7.d3 O-O
8.Bc1e3 b6
9.Nb1d2 d5
10.Nd2b3 Bc8e6
11.exd5 Ne7xd5
12.Be3d2 Ra8c8
13.c4 Nd5b4
14.Nf3g5 Be6f5
15.Bg2e4 Nb4xd3
16.Be4xf5 gxf5
17.Qd1c2 e4
18.Bd2e3 Nc6b4
19.Qc2e2 Bg7xb2
20.Ra1b1 Qd8f6
21.Qe2h5 Qf6g6
22.Qh5e2 Bb2f6
23.Ng5h3 Rf8d8
24.a3 Nb4c6
25.Rb1d1 Nc6d4
26.Nb3xd4 cxd4
27.Nh3f4 Nd3xf4
28.Be3xf4 d3
29.Qe2a2 Bf6d4
30.Qa2b3 Rc8c5
31.Kg2 Qg6e6
32.Rd1c1 Rd8c8
33.Qb3a4 Rc5xc4
34.Rc1xc4 Qe6xc4
35.Qa4xa7 b5
36.Qa7b6 Bd4xb6
37.Rf1c1 Qc4xc1
{ abandon }0-1

[Event "Tournoi n27320"]
[Site "www.echecsemail.com"]
[Date "2026.01.25"]
[Round "1"]
[White "Voyageur"]
[Black "Malaouat"]
[WhiteElo "1510"]
[BlackElo "1420"]
[Result "1-0"]
1.d4 d5
2.c4 dxc4
3.e3 b5
4.Qd1f3 Bc8e6
5.Qf3xa8 Ng8f6
6.Qa8xa7 Nb8c6
7.Qa7c5 Qd8d5
8.Qc5xd5 Nf6xd5
9.Ng1e2 h6
10.Nb1c3 Nd5xc3
11.Ne2xc3 { abandon }1-0

[Event "Défi( 10J+24H/c 10J Max )"]
[Site "www.echecsemail.com"]
[Date "2026.01.25"]
[Round "1"]
[White "Vb83"]
[Black "Panchoa"]
[WhiteElo "1440"]
[BlackElo "1610"]
[Result "0-1"]
1.d4 d5
2.g3 Ng8f6
3.Bf1g2 e6
4.Bc1g5 Bf8e7
5.Ng1f3 O-O
6.O-O Nb8c6
7.c3 b6
8.Nf3e5 Nc6xe5
9.dxe5 Nf6e4
10.Bg5xe7 Qd8xe7
11.b4 c5
12.b5 Rf8d8
13.f3 Ne4xg3
14.hxg3 c4
15.Nb1a3 Qe7xa3
16.Qd1d2 Qa3c5
17.e3 Qc5xb5
18.Ra1b1 Qb5c5
19.f4 Ra8b8
20.Qd2d4 Qc5a5
21.Qd4d2 Qa5c5
22.Kh1 Qc5e7
23.Bg2h3 f6
24.exf6 Qe7xf6
25.Qd2d4 Qf6h6
26.Kh2 e5
27.fxe5 Qh6xh3
28.Kg1 Qh3xg3
29.Kh1 Bc8h3
30.Rf1g1 Qg3f3
31.Kh2 Rd8f8
32.e6 Rf8f6
33.Rg1g3 Qf3f2
34.Kh1 Qf2xg3
35.Rb1g1 Rf6f1
36.Rg1xf1 Qg3g2
0-1

[Event "Défi"]
[Site "www.echecsemail.com"]
[Date "2026.01.25"]
[Round "1"]
[White "Vvvv"]
[Black "Tartu"]
[WhiteElo "1680"]
[BlackElo "1700"]
[Result "0-1"]
1.e4 c6
2.d4 d5
3.Nb1d2 dxe4
4.Nd2xe4 Bc8f5
5.Qd1d3 Bf5g6
6.g4 Ng8f6
7.f3 e6
8.Bc1g5 Bf8e7
9.O-O-O O-O
10.Bf1g2 Nf6xe4
11.Bg5xe7 Qd8xe7
12.fxe4 Rf8d8
13.Ng1f3 Nb8d7
14.Qd3e2 Nd7b6
15.Nf3e5 Ra8c8
16.Ne5xg6 fxg6
17.h4 e5
18.Rd1d3 c5
19.Rd3a3 cxd4
20.Qe2d3 a6
21.Qd3b3 Nb6c4
22.Bg2f1 b5
23.Ra3xa6 Qe7b7
24.Bf1xc4 Rc8xc4
25.Ra6xg6 hxg6
26.Qb3d3 Rd8c8
27.Rh1h2 Qb7c7
28.Rh2f2 Rc8f8
29.Rf2xf8 Kxf8
30.Qd3a3 Kg8
31.Qa3a8 Kh7
32.c3 dxc3
33.Qa8d5 cxb2
{ abandon }0-1

[Event "Défi( 10J+24H/c 10J Max )"]
[Site "www.echecsemail.com"]
[Date "2026.01.25"]
[Round "1"]
[White "Sylvia13"]
[Black "Sam"]
[WhiteElo "1590"]
[BlackElo "1670"]
[Result "0-1"]
1.d4 d5
2.Ng1f3 Ng8f6
3.g3 Nb8c6
4.Nf3e5 Bc8f5
5.Bf1g2 Qd8d6
6.c4 e6
7.c5 Qd6d8
8.Qd1a4 Bf8e7
9.Bc1f4 O-O
10.O-O Nc6xe5
11.Bf4xe5 c6
12.Nb1d2 b6
13.Qa4xc6 Ra8c8
14.Qc6b7 bxc5
15.Qb7xa7 cxd4
16.Qa7xd4 Be7c5
17.Qd4f4 Nf6h5
18.Qf4f3 Qd8g5
19.Qf3b3 Qg5xd2
20.Bg2f3 Qd2g5
21.h4 Qg5g6
22.Qb3b7 Bf5g4
23.b4 Bg4xf3
24.exf3 f6
25.Be5b2 Qg6xg3
26.Kh1 Qg3xf3
27.Kh2 Bc5d6
28.Kg1 Nh5f4
29.Rf1e1 Qf3g2
0-1

[Event "Tournoi n27397"]
[Site "www.echecsemail.com"]
[Date "2026.01.25"]
[Round "1"]
[White "Fouvolant"]
[Black "Katastrofic"]
[WhiteElo "1410"]
[BlackElo "1370"]
[Result "1-0"]
1.e4 e5
2.Ng1f3 d6
3.d4 Bf8e7
4.dxe5 Bc8g4
5.Nb1c3 dxe5
6.Qd1xd8 Be7xd8
7.Nf3xe5 Bg4h5
8.Bf1c4 Bd8f6
9.Bc1f4 Ng8e7
10.h3 Bf6xe5
11.Bf4xe5 { abandon }1-0

[Event "1001"]
[Site "www.echecsemail.com"]
[Date "2026.01.25"]
[Round "1"]
[White "Qsdmlk"]
[Black "Katastrofic"]
[WhiteElo "1530"]
[BlackElo "1380"]
[Result "0-1"]
1.d4 d5
2.Bc1g5 Nb8c6
3.Ng1f3 Bc8g4
4.e3 a6
5.Bf1e2 h6
6.Bg5f4 e6
7.Nb1c3 Bg4xf3
8.Be2xf3 Ng8f6
9.O-O Bf8d6
10.Rf1e1 Bd6xf4
11.exf4 b5
12.f5 O-O
13.fxe6 fxe6
14.a4 b4
15.Nc3a2 a5
16.Re1xe6 Qd8d7
17.Qd1e2 Nc6xd4
18.Re6e7 Nd4xf3
19.gxf3 Qd7c8
20.Qe2e5 Rf8e8
21.Ra1d1 Ra8a6
22.Qe5e2 Ra6e6
23.Re7xe6 Re8xe6
24.Qe2b5 Qc8a8
25.f4 c6
26.Qb5d3 Qa8a7
27.c3 Nf6g4
28.Qd3f3 h5
29.cxb4 Re6g6
30.Qf3g3 axb4
31.Na2xb4 h4
32.Qg3xh4 Ng4e3
33.Kh1 Ne3g2
34.Qh4d8 Kh7
35.Nb4xc6 Qa7xf2
36.Nc6e5 Rg6g4
37.Ne5xg4 Qf2f3
38.Rd1c1 Ng2h4
39.Kg1 Qf3g2
0-1